|
|
|
|
| LEADER |
00672nmm a2200193 a 4500 |
| 001 |
000212822 |
| 003 |
CZ BrMZK |
| 005 |
20091228213557.0 |
| 008 |
990721m19999999xr cze d |
| 040 |
|
|
|a BOA001
|b cze
|
| 080 |
|
|
|a 62(086.7)
|2 MRF
|
| 245 |
0 |
0 |
|a Aktuální příručka pro technický úsek.
|n [1]
|h [multimedium] /
|c [Verlag Dashöfer].
|
| 260 |
|
|
|a Praha :
|b Verlag Dashöfer,
|c c1999
|
| 300 |
|
|
|a 1 CD-ROM ;
|c 12 cm
|
| 653 |
0 |
|
|a technika
|
| 710 |
2 |
|
|a Verlag Dashöfer nakladatelství
|7 ko2004252970
|4 aut
|
| 910 |
|
|
|a BOA001
|b TK-CDR-0265.082,1
|
| 990 |
|
|
|a CF
|
| 996 |
6 |
|
|b 2620014803
|c TK-CDR-0265.082,1
|l MZK
|r Sklad / do 24 hodin
|n 0
|p kup
|w 000212822
|u 000010
|a 1
|e BOA001
|j MZK50
|s P
|